Т. 54, № 12; Известия вузов. Радиофизика

Opis bibliograficzny
Parent link:Известия вузов. Радиофизика: научно-технический журнал/ Российская Федерация, Министерство образования и науки ; Научно-исследовательский радиофизический институт (НИРФИ). Т. 54, № 12.— , 1958-
Język:rosyjski
Wydane: 2011
Format: MixedMaterials Książka
KOHA link:https://koha.lib.tpu.ru/cgi-bin/koha/opac-detail.pl?biblionumber=476566

MARC

LEADER 00000nam2a2200000 4500
001 476566
005 20231101092735.0
035 |a (RuTPU)RU\TPU\prd\142846 
090 |a 476566 
100 |a 20120528a19589999k y0rusy50 ca 
101 0 |a rus 
102 |a RU 
200 0 |a Т. 54, № 12 
210 |d 2011 
461 1 |0 (RuTPU)RU\TPU\prd\189  |t Известия вузов. Радиофизика  |o научно-технический журнал  |f Российская Федерация, Министерство образования и науки ; Научно-исследовательский радиофизический институт (НИРФИ)  |v Т. 54, № 12  |d 1958- 
801 0 |a RU  |b 63413507  |c 20010227  |g PSBO 
801 1 |a RU  |b 63413507  |c 20120528 
801 2 |a RU  |b 63413507  |c 20201214  |g RCR 
942 |c BK 
999 |a НТБ_ТПУ  |b НФ  |e -1/20110111  |p П-6307р  |s 2/20110408  |u 0,00  |v 1